000 00534nam a22001695i 4500
001 53581
003 ES-MaACL
007 t|
008 960628s1877 it ||||1| ita d
040 _aCAM
_bspa
_cCAM
100 1 _aFanfani, Pietro.
_948792
245 1 3 _aIl lessico della corrotta italianitá /
_cper P. Fanfani e C. ArlĂ­a.
260 _aMilano :
_blibreria d'Educazione e d'Istruzione di Paolo Carrara,
_c1877 (
_ftip. Guglielmim)
300 _a451, [8] p. ;
_c19 cm.
700 1 _aArlia, C.
_922896
852 _aES-MaACL
_jG-14264
999 _c53581
_d53581